Auditoría (Registro nro. 16905)

Detalles MARC
000 -LEADER
fixed length control field 00307 a2200109 4500
001 - CONTROL NUMBER
control field ART_7573
005 - DATE AND TIME OF LATEST TRANSACTION
control field 20260410161720.0
008 - FIXED-LENGTH DATA ELEMENTS--GENERAL INFORMATION
fixed length control field 260409a
100 1# - MAIN ENTRY--PERSONAL NAME
Personal name Canetti, Miguel Marcelo
245 10 - TITLE STATEMENT
Title Auditoría
773 0# - HOST ITEM ENTRY
Title Contabilidad y auditoría
Related parts - Año 14, Nº 27 (jun. 2008)
Record control number REV1723

No hay ítems disponibles.